Crítica cultural y creación artística : (Record no. 121)

MARC details
000 -LEADER
campo de control de longitud fija 01376cam a22003254a 4500
001 - NÚMERO DE CONTROL
campo de control 12010636
003 - IDENTIFICADOR DE NÚMERO DE CONTROL
campo de control ASKDFJRT
005 - FECHA Y HORA DE LA ÚLTIMA TRANSACCIÓN
campo de control 20220326193251.0
008 - DATOS DE LONGITUD FIJA--INFORMACIÓN GENERAL
campo de control de longitud fija 990802s1998 sp b s100 0 spa
010 ## - NÚMERO DE CONTROL DE LA BIBLIOTECA DEL CONGRESO
Número de control de LC 00316699
020 ## - NÚMERO INTERNACIONAL ESTÁNDAR DEL LIBRO
Número Internacional Estándar del Libro 844821854X
035 ## - NÚMERO DE CONTROL DEL SISTEMA
Número de control de sistema (OCoLC)ocm42028332
040 ## - FUENTE DE CATALOGACIÓN
Centro catalogador/agencia de origen DLC
Centro/agencia transcriptor DLC
042 ## - CÓDIGO DE AUTENTICACIÓN
Código de autenticación pcc
050 00 - SIGNATURA TOPOGRÁFICA DE LA BIBLIOTECA DEL CONGRESO
Número de clasificación NX456
Número de ítem .C698 1998
082 ## - NÚMERO DE LA CLASIFICACIÓN DECIMAL DEWEY
Número de clasificación 707
Número de ítem C828c
100 ## - ENTRADA PRINCIPAL--NOMBRE DE PERSONA
Nombre de persona G. Cortes, Jose Miguel
9 (RLIN) 601
245 00 - MENCIÓN DEL TÍTULO
Título Crítica cultural y creación artística :
Resto del título coloquios contemporáneos /
Mención de responsabilidad, etc. José Miguel G. Cortés, coordinador.
260 ## - PUBLICACIÓN, DISTRIBUCIÓN, ETC.
Lugar de publicación, distribución, etc. [Valencia :
Nombre del editor, distribuidor, etc. Generalitat Valenciana, Direcció General de Promoció Cultural, Museus i Belles Arts,
Fecha de publicación, distribución, etc. 1998]
300 ## - DESCRIPCIÓN FÍSICA
Extensión 251 p. ;
Dimensiones 21 cm.
440 #0 - MENCIÓN DE SERIE/PUNTO DE ACCESO ADICIONAL--TÍTULO
Título Signo abierto
9 (RLIN) 602
504 ## - NOTA DE BIBLIOGRAFÍA, ETC.
Nota de bibliografía, etc. Includes bibliographical references.
650 #0 - PUNTO DE ACCESO ADICIONAL DE MATERIA--TÉRMINO DE MATERIA
Término de materia o nombre geográfico como elemento de entrada Arts, Modern
Subdivisión cronológica 20th century
Subdivisión de forma Congresses.
9 (RLIN) 603
650 #0 - PUNTO DE ACCESO ADICIONAL DE MATERIA--TÉRMINO DE MATERIA
Término de materia o nombre geográfico como elemento de entrada Arte Moderno
Subdivisión general critica de arte
-- creacion artistica
-- conferencias
-- arte y sociedad
-- s.XX
9 (RLIN) 604
650 #0 - PUNTO DE ACCESO ADICIONAL DE MATERIA--TÉRMINO DE MATERIA
Término de materia o nombre geográfico como elemento de entrada Arts and society
Subdivisión de forma Congresses.
9 (RLIN) 605
700 1# - ENTRADA AGREGADA--NOMBRE PERSONAL
Nombre de persona Cortés, José Miguel G.
9 (RLIN) 606
710 2# - ENTRADA AGREGADA--NOMBRE DE ENTIDAD CORPORATIVA
Nombre de entidad corporativa o nombre de jurisdicción como elemento de entrada Consellería de Cultura, Educación y Ciencia de la Generalidad Valenciana.
Unidad subordinada Direcció General de Promoció Cultural, Museus i Belles Arts.
9 (RLIN) 607
906 ## - ELEMENTOS DE DATOS F LOCAL, LDF (RLIN)
a 7
b cbc
c origres
d 3
e ncip
f 20
g y-gencatlg
Holdings
Estatus retirado Estado de pérdida Fuente del sistema de clasificación o colocación Estado de daño No para préstamo Biblioteca de origen Biblioteca actual Ubicación en estantería Fecha de adquisición Total de préstamos Signatura topográfica completa Código de barras Visto por última vez Precio de reemplazo Tipo de ítem Koha
    Clasificación Decimal Dewey     Biblioteca LadoV Biblioteca LadoV   12/05/2014   707 C828c 000112 12/05/2014 12/05/2014 Material 01